000
00271nam a2200097Ia 4500
001
795268
005
20250826170724.0
008
250824s9999 xx 000 0 und d
245
0
_a
MİMAR SİNAN MİMARİDEKİ OSMANLI MÜHRÜ
_c
YAVUZ BAHADIROĞLU
260
_b
PANAMA YAYINLARI
999
_c
795268
_d
795268